Países que fazem fronteira com: Argentina#25 - Statistics

Estatísticas Gerais
  • Esse quiz foi jogado 97 vezes
    92 desde o último reset
  • A pontuação média é 5 de 5
Estatísticas das Respostas
Resposta % Correto
Brasil
100%
Chile
99%
Uruguai
99%
Bolívia
98%
Paraguai
98%
Nenhum quiz correspondente encontrado
Distribuição das Pontuações
Porcentagem de Pessoas com Cada Pontuação
Percentil de Números Respondidos
Sua Pontuação Histórica
Você não jogou esse quiz desde o último reset